000
00333nam a2200145Ia 4500
008
230718s9999 xx 000 0 und d
041
_a
Eng.
082
_a
344.04
_b
DAS-G
100
_a
Dashwood, Aleen
245
0
_a
Genral law of E.C
260
_a
Pakistan
_b
Sweet and Marvel
_c
2006
300
_a
314
650
_a
Law
999
_c
26680
_d
26680